LEADER 01672nam a2200325 a 4500 001 000000127373 003 CaOOAMICUS 005 20120130103040.0 008 120130s2010 it d u000 u ita r 020 $a978-88-217-3230-0 040 $aPUL$bita 082 $a346.45078 100 1 $aFerro, Massimo.$0(OLS)http://pul/name/45080 245 12$aL'istruttoria prefallimentare :$bprocedimento per la dichiarazione di fallimento: un'indagine giuridico-aziendalistica nella prassi dei tribunali italiani /$cMassimo Ferro e Alfonso Di Carlo ; prefazione di Giovanni Lo Cascio ... [et al.]. 260 $aMilano :$bIpsoa,$c©2010. 300 $aXXX, 846 p. :$bgrafici ;$c24 cm. 490 1 $aInsolvency 504 $aBibliografia in nota. 650 4$aFallimento (diritto).$0(OLS)http://pul/subject/17091 700 1 $aLo Cascio, Giovanni.$0(OLS)http://pul/name/70101 700 1 $aDi Carlo, Alfonso.$0(OLS)http://pul/name/81246 830 0$aInsolvency.$pOsservatorio di diritto e prassi aziendali nelle crisi d'impresa.$0(OLS)http://pul/title/160950 850 $aPUL 852 $aPUL$W1$xSL Diritto e Scienze Sociali 3$y79$m346. 45078 FERMA 1$j147359$qDDC 21$B145993$CPULBib$Z2$F145993 $H118263 $82 941 1 $a9 996 $6020$a978-88-217-3230-0$9(OLS)http://pul/number/148713 996 $6082$a346.45078$9(OLS)http://pul/classification/2026 996 $6245$aL'istruttoria prefallimentare :$bprocedimento per la dichiarazione di fallimento: un'indagine giuridico-aziendalistica nella prassi dei tribunali italiani$9(OLS)http://pul/title/160948 996 $6260$aMilano :$bIpsoa$9(OLS)http://pul/publisher/67046 LEADER 01373naa a2200253 u 4500 001 000000102221 003 CaOOAMICUS 005 20070226130210.0 008 060327s1978 it u000 u ita u 035 $a11083197 040 $aIAR$bita 041 0 $aita$bger 100 1 $aRigobello, Armando,$d1924-$0(OLS)http://pul/name/2221 245 10$aChe significato può assumere oggi "Die Krisis der europäischen Wissenschaften" di Husserl ? /$cArmando Rigobello. 260 $aMerano/Meran :$bIst.culturale italo-tedesco,$c[1978] 300 $aS. 397-402 ;$c25 cm 500 $adeutsche Zusammenfassung 500 $aIAR: FF-117.15 773 0 $aDie Einheit Europas : Aspekte und Probleme. 773 0 $aL'unità d'Europa : Aspetti e problemi. 773 0 $aDeutsch-italienisches Kulturinstitut in Südtirol; Akten.$gXV (1978) 773 0 $aAccademia di studi italo-tedeschi (Merano)$tL'unità d'Europa : aspetti e problemi nel mondo culturale italiano e nel mondo culturale tedesco dell'età contemporanea ; Introduzione: Il volto della cultura europea, l'idea d'Europa nella storia contemporanea, il problema Europa, oggi$gXV (1978)$w()22878 996 $6245$aChe significato può assumere oggi "Die Krisis der europäischen Wissenschaften" di Husserl ?$9(OLS)http://pul/title/129129 996 $6260$aMerano/Meran :$bIst.culturale italo-tedesco$9(OLS)http://pul/publisher/79184